Access denied (Record no. 72989)

MARC details
000 -LEADER
fixed length control field 01015cam a2200241 4500
001 - CONTROL NUMBER
control field ABS66824
008 - FIXED-LENGTH DATA ELEMENTS--GENERAL INFORMATION
fixed length control field 030702n2003 000 0 eng u
035 ## - SYSTEM CONTROL NUMBER
System control number (Sirsi) u122902
100 ## - MAIN ENTRY--PERSONAL NAME
Personal name Croser, J.
245 ## - TITLE STATEMENT
Title Access denied
260 ## - PUBLICATION, DISTRIBUTION, ETC.
Date of publication, distribution, etc. 2003
490 ## - SERIES STATEMENT
Series statement Architects' Journal
Volume/sequential designation 217(24) 19 June 2003, (1)
520 ## - SUMMARY, ETC.
Summary, etc. Examines the issue of intellectual property right to CAD data created by CAD users. The creator owns the data but if the licence to any software terminates then the user is no longer entitled to run it and will no longer be able to lawfully open the files. Advises users to store data in an improved multi-format archive for all completed projects, thus ensuring future certainty of access.
590 ## - LOCAL NOTE (RLIN)
Local note ABS
650 ## - SUBJECT ADDED ENTRY--TOPICAL TERM
Topical term or geographic name entry element INTELLECTUAL PROPERTY RIGHTS
650 ## - SUBJECT ADDED ENTRY--TOPICAL TERM
Topical term or geographic name entry element COMPUTER SOFTWARE
650 ## - SUBJECT ADDED ENTRY--TOPICAL TERM
Topical term or geographic name entry element COMPUTER AIDED DESIGN
650 ## - SUBJECT ADDED ENTRY--TOPICAL TERM
Topical term or geographic name entry element DATA STORAGE
650 ## - SUBJECT ADDED ENTRY--TOPICAL TERM
Topical term or geographic name entry element ARCHIVES
690 ## - LOCAL SUBJECT ADDED ENTRY--TOPICAL TERM (OCLC, RLIN)
Topical term or geographic name as entry element MANAGEMENT-BUSINESS MANAGEMENT-INFORMATION MANAGEMENT
700 ## - ADDED ENTRY--PERSONAL NAME
Personal name Downing, R
942 ## - ADDED ENTRY ELEMENTS (KOHA)
Suppress in OPAC 0
Holdings
Withdrawn status Lost status Source of classification or shelving scheme Damaged status Not for loan Home library Current library Shelving location Date acquired Total Checkouts Full call number Barcode Date last seen Copy number Price effective from Koha item type
    Dewey Decimal Classification     London London Journal article 02/07/2003   ABS66824 122902-1001 06/08/2019 1 06/08/2019 Journal article